Habla y canta Victor Jara.

Збережено в:
Бібліографічні деталі
Формат: Невідомо
Мова:Spanish
Опубліковано: Cuba : Casa de las Américas, 1978.
Серія:(Serie Música, Colección Nuestros Países)
Предмети:
Теги: Додати тег
Немає тегів, Будьте першим, хто поставить тег для цього запису!

MARC

LEADER 000000000a22000000004500
001 003424
008 171031b xxu||||| |||| 00| 0 spa d
041 0 |a spa 
082 0 4 |a 92   |b J379h 
245 0 0 |a Habla y canta Victor Jara. 
260 1 |a Cuba :   |b Casa de las Américas,   |c 1978. 
300 |a 87 páginas ;   |b ilustraciones 
490 1 |a (Serie Música, Colección Nuestros Países) 
650 4 |a JARA, VICTOR 
650 4 |a MUSICA POPULAR 
650 4 |a MUSICA FOLCLORICA 
942 |c BK  |2 ddc 
999 |c 9649  |d 9649